|
|
|
|
| LEADER |
02771nam a22004333i 4500 |
| 001 |
EBC5159111 |
| 003 |
MiAaPQ |
| 005 |
20231204023214.0 |
| 006 |
m o d | |
| 007 |
cr cnu|||||||| |
| 008 |
231204s2018 xx o ||||0 ger d |
| 020 |
|
|
|a 9783110532609
|q (electronic bk.)
|
| 020 |
|
|
|z 9783110528817
|
| 035 |
|
|
|a (MiAaPQ)EBC5159111
|
| 035 |
|
|
|a (Au-PeEL)EBL5159111
|
| 035 |
|
|
|a (OCoLC)1064730124
|
| 040 |
|
|
|a MiAaPQ
|b eng
|e rda
|e pn
|c MiAaPQ
|d MiAaPQ
|
| 050 |
|
4 |
|a HD3611 .P536 2018
|
| 082 |
0 |
|
|a 338.9
|
| 100 |
1 |
|
|a Seefried, Elke.
|
| 245 |
1 |
0 |
|a Plan und Planung :
|b Deutsch-Deutsche Vorgriffe Auf Die Zukunft.
|
| 250 |
|
|
|a 1st ed.
|
| 264 |
|
1 |
|a Berlin/München/Boston :
|b Walter de Gruyter GmbH,
|c 2018.
|
| 264 |
|
4 |
|c {copy}2018.
|
| 300 |
|
|
|a 1 online resource (216 pages)
|
| 336 |
|
|
|a text
|b txt
|2 rdacontent
|
| 337 |
|
|
|a computer
|b c
|2 rdamedia
|
| 338 |
|
|
|a online resource
|b cr
|2 rdacarrier
|
| 490 |
1 |
|
|a Zeitgeschichte Im Gespräch Series ;
|v v.27
|
| 505 |
0 |
|
|a Intro -- Inhalt -- Einleitung -- Planen, um aufzuschließen: Forschungsplanung in der Bundesrepublik und der DDR -- Öffnung oder Schließung: Bildungsplanung in West und Ost. Vergesellschaftung und Ökonomisierung der Bildung -- Planung des Lebensstandards. Verwissenschaftlichung und Professionalisierung in der DDR der 1960er und 1970er Jahre -- Vorstellung und Realität. Die Planungskonzeptionen der bundesrepublikanischen Gewerkschaftsbewegung in den 1960er und 1970er Jahren -- „Plane mit, arbeite mit, regiere mit". Planung und Gewerkschaften in der DDR -- Fortschritt und Entwicklung. Die beiden deutschen Staaten in der Dritten Welt seit den 1960er Jahren -- Zwischen hochgesteckten Zielen und internationaler Realität. Planung in der Außenpolitik der DDR -- Geplante Außenpolitik? Der Planungsstab des Auswärtigen Amts -- Zwischen Zukunftsverheißung, Planungseuphorie und kulturellem Wandel. Urbane Planung in West- und Ost-Berlin -- Ausstieg aus der Megamaschine? Planungskritik in den Neuen Sozialen Bewegungen -- Abkürzungen -- Autorinnen und Autoren.
|
| 588 |
|
|
|a Description based on publisher supplied metadata and other sources.
|
| 590 |
|
|
|a Electronic reproduction. Ann Arbor, Michigan : ProQuest Ebook Central, 2023. Available via World Wide Web. Access may be limited to ProQuest Ebook Central affiliated libraries.
|
| 650 |
|
0 |
|a Industrial policy.
|
| 655 |
|
4 |
|a Electronic books.
|
| 700 |
1 |
|
|a Hoffmann, Dierk.
|
| 776 |
0 |
8 |
|i Print version:
|a Seefried, Elke
|t Plan und Planung
|d Berlin/München/Boston : Walter de Gruyter GmbH,c2018
|z 9783110528817
|
| 797 |
2 |
|
|a ProQuest (Firm)
|
| 830 |
|
0 |
|a Zeitgeschichte Im Gespräch Series
|
| 856 |
4 |
0 |
|u https://ebookcentral.proquest.com/lib/matrademy/detail.action?docID=5159111
|z Click to View
|